It looks like you're offline.
Open Library logo
additional options menu

MARC record from Internet Archive

LEADER: 01276cam 2200385 i 4500
001 ocm01055636
003 OCoLC
005 20100928194141.0
008 740920s1975 njua j 000 1 eng
010 $a 74020906
040 $aDLC$cDLC$dBAKER$dBTCTA$dYDXCP$dOCLCG
019 $a3549819$a233533100
020 $a0133577724
020 $a9780133577723
020 $a0133577805
020 $a9780133577808
035 $a(OCoLC)1055636$z(OCoLC)3549819$z(OCoLC)233533100
042 $alcac
050 00 $aPZ8.7.K42$bGo
082 00 $a817
100 1 $aKeller, Charles.
245 10 $aGoing bananas /$ccompiled by Charles Keller ; illustrated by Rodger Wilson.
260 $aEnglewood Cliffs, N.J. :$bPrentice-Hall,$c[1975]
300 $a96 p. :$bill. ;$c22 cm.
520 $aJokes told in the form of conversations are illustrated with cartoon characters.
650 0 $aWit and humor, Juvenile.
650 1 $aJokes.
650 1 $aWit and humor.
700 1 $aWilson, Rodger,$d1947-$eillus.
938 $aBaker & Taylor$bBKTY$c3.95$d2.96$i0133577805$n0000211823$sactive
938 $aBaker and Taylor$bBTCP$n74020906
938 $aYBP Library Services$bYANK$n70228
029 1 $aNZ1$b3373805
994 $aZ0$bPMR
948 $hNO HOLDINGS IN PMR - 311 OTHER HOLDINGS